000 00627nam a2200193Ia 4500
003 LK-CoDNM
008 010623t1995 xxu||||| |||| 00| 1 sin d
040 _aLK-CoDNM
_dLK-CoDNM
_eLK-CoDNM
041 _asin
080 _a37
_bWEE
100 _aWeerakkodi, Miththa
245 _aපවුල් ඒකකය - ගුරුවරුන් සඳහා ස්වඅධ්‍යන මොඩියුලය
246 _aPaul ekakaya : Guruwarun sandaha swaaddyana modiulaya
260 _bJaathika adhhyapana aayathanaya
_aMaharagama
_c1995
300 _b28, 28 cm
650 _aEducation
650 _aFamily
942 _cBK
999 _c117151
_d117151